| 000 | 00750nam a2200205 a 4500 | ||
|---|---|---|---|
| 001 | 000041849 | ||
| 005 | 20201002035805.0 | ||
| 008 | 131018s2013 dr a 000 0 spa d | ||
| 020 | _a9789945489651 | ||
| 040 |
_aDO-SdBNP _bspa _cBNPHU |
||
| 082 |
_axxx _bxxx |
||
| 100 | 1 |
_aGonzález Díaz, Lonis Alfredo _968732 |
|
| 245 | 1 | 0 |
_aCaos de los últimos tiempos. / _cLonis Alfredo González Díaz; prólogo, Rigoberto Guzmán. |
| 260 |
_aSanto Domingo, : _bSantuario, _c2013. |
||
| 300 |
_a190 p. : _bil. ; _c23 cm. |
||
| 590 | _aLa biblioteca posee tres (3) ejemplares autografíados por el autor | ||
| 500 | _aIncluye datos biografícos en la solapa de la portada | ||
| 504 | _aBibliografía p: 189-190 | ||
| 700 | 1 |
_aGuzmán, Rigoberto _eprol. _968733 |
|
| 999 |
_c41338 _d41338 |
||